005890000a220018100045000410008000000820021000081000017000292450065000462600046001113000012001570010005001699420007001749520121001819990017003023360027003193370033003463380028003790 aENG04aG 280.092 M8471m1 aMorgan, Jill10aA man of the word : Life of G. Campbell Morgan / Jill Morgan aLondon, Great Britain : Fleming H. Revell a404 Pag8604 cBK 001040708GENaFUSBCbFUSBCd2005-01-14l0oG 280.092 M8471m p14088r2019-12-12 00:00:00t1w2016-01-26yBKB0C3 c38738d38738 atextobtxt2rdacontent 2rdamediaasin mediaciónbn 2rdacarrieravolumenbnc